Girls Names that start with H - Statistics

General Stats
  • This quiz has been taken 656 times
  • The average score is 10 of 21
Answer Stats
Answer % Correct
Hannah
91%
Hailey
81%
Holly
78%
Helen
74%
Hilary
72%
Harriett
66%
Heather
60%
Helena
59%
Henrietta
54%
Heidi
47%
Harper
45%
Harley
42%
Hazel
42%
Hattie
40%
Hester
36%
Honora
34%
Helga
32%
Haven
27%
Hadley
25%
Hera
24%
Honesty
8%
No matching quizzes found
Score Distribution
Percent of People with Each Score
Percentile by Number Answered
Your Score History
You have not taken this quiz